00520nam a2200181 a 45000010010000000030011000100080041000210350026000620820016000881000021001042450022001252600037001476500017001849420012002019520090002139980020003039990015003230000-9327ELIB.Books110520 1981  a(ELIB.Books)0000-9479 a232.9 bPoi aPoinsett, Brenda aWhen Jesus Prayed bNashville: Broadman Press c1981 aJesus Christ 2ddccBK 00102ddc4070aKBTSbKBTSd2011-05-20l0p8038r2022-01-22 00:00:00w2022-01-22yBK cbate2011-05-20 c9327d9327